Vida íntima de la mujer / (Record no. 37258)

MARC details
000 -LEADER
campo de control de longitud fija 00782nam a2200253 i 4500
001 - NÚMERO DE CONTROL
campo de control 37258
003 - IDENTIFICADOR DE NÚMERO DE CONTROL
campo de control ES-MaACL
005 - FECHA Y HORA DE LA ÚLTIMA TRANSACCIÓN
campo de control 20230906155532.0
007 - CAMPO FIJO DE DESCRIPCIÓN FÍSICA--INFORMACIÓN GENERAL
campo de control de longitud fija t|
008 - DATOS DE LONGITUD FIJA--INFORMACIÓN GENERAL
campo de control de longitud fija 030220s1961 sp ||||1| spa d
080 ## - NÚMERO DE LA CLASIFICACIÓN DECIMAL UNIVERSAL
Número de la Clasificación Decimal Universal 618.1
100 1# - ENTRADA PRINCIPAL--NOMBRE DE PERSONA
Nombre de persona Bueno, Maria del Pilar.
9 (RLIN) 32383
245 10 - MENCIÓN DEL TÍTULO
Título Vida íntima de la mujer /
Mención de responsabilidad, etc. por Mª del Pilar Bueno y Antonio P. Ureta ; revisión religiosa por Ramón Castelltort.
250 ## - MENCION DE EDICION
Mención de edición 1ª ed.
260 ## - PUBLICACIÓN, DISTRIBUCIÓN, ETC.
Lugar de publicación, distribución, etc. Barcelona :
Nombre del editor, distribuidor, etc. Gassó,
Fecha de publicación, distribución, etc. 1961.
300 ## - DESCRIPCIÓN FÍSICA
Extensión 358 p. :
Otras características físicas il. ;
Dimensiones 20 cm.
490 1# - MENCIÓN DE SERIE
Mención de serie Enciclopedias de Gassó
650 00 - PUNTO DE ACCESO ADICIONAL DE MATERIA--TÉRMINO DE MATERIA
Término de materia o nombre geográfico como elemento de entrada Ginecología.
9 (RLIN) 13119
700 1# - ENTRADA AGREGADA--NOMBRE PERSONAL
Nombre de persona Ureta, Antonio P.
9 (RLIN) 112128
700 1# - ENTRADA AGREGADA--NOMBRE PERSONAL
Nombre de persona Castelltort, Ramón.
9 (RLIN) 36603
830 1# - PUNTO DE ACCESO ADICIONAL DE SERIE-TÍTULO UNIFORME
Título uniforme Enciclopedias de Gassó
9 (RLIN) 181703
852 4# - LOCALIZACIÓN
Ubicación ES-MaACL
Número de control de estantería F-14095
Holdings
Estatus retirado Estado de pérdida Estado de daño No para préstamo Biblioteca de origen Biblioteca actual Ubicación en estantería Fecha de adquisición Fuente de adquisición Total de préstamos Signatura topográfica completa Código de barras Visto por última vez Precio de reemplazo Tipo de ítem Koha
        Biblioteca del Ateneo de Madrid Biblioteca del Ateneo de Madrid Sala Pecera Planta 2 17/01/2008     F-14095 1039206 23/02/2023 23/02/2023 Libro impreso